书目信息 |
| 题名: |
爱因斯坦的未完成交响曲
|
|
| 作者: | 芭楚莎 著 ;李红杰 译 | |
| 分册: | ||
| 出版信息: | 长沙 湖南科学技术出版社 2018 |
|
| 页数: | 35,292页 | |
| 开本: | 21cm | |
| 丛书名: | 第一推动丛书 | |
| 单 册: | ||
| 中图分类: | P112-49 | |
| 科图分类: | ||
| 主题词: | 天文台--普及读物 | |
| 电子资源: | ||
| ISBN: | 978-7-5357-9445-1 | |
| 000 | 01183oam2 2200277 450 | |
| 001 | 3941 | |
| 005 | 20180527204809.93 | |
| 010 | @a978-7-5357-9445-1@dCNY49.00 | |
| 100 | @a20180315d2018 em y0chiy50 ea | |
| 101 | 1 | @achi@ceng |
| 102 | @aCN@b430000 | |
| 105 | @aa z 001yy | |
| 200 | 1 | @a爱因斯坦的未完成交响曲@9ai yin si tan de wei wan cheng jiao xiang qu@dEinstein's unfinished symphony@f(美)玛西亚·芭楚莎(Marcia Bartusiak)著@g李红杰译@zeng |
| 210 | @a长沙@c湖南科学技术出版社@d2018 | |
| 215 | @a35,292页@c图,照片@d21cm | |
| 225 | 2 | @a第一推动丛书@i宇宙系列@v15 |
| 330 | @a本书回忆了爱因斯坦最伟大的成就“广义相对论”的故事,还探究了在爱因斯坦首次提出引力波之后的几十年里,物理学家们对这一概念的认识是如何演化的。同时精心描写了这次科学革命中的每一位关键科学家,并据此向我们介绍了当今的实验和全新的天文台,如美国的LIGO。 | |
| 461 | 0 | @12001 @a第一推动丛书 |
| 462 | 0 | @12001 @a宇宙系列 |
| 510 | 1 | @aEinstein's unfinished symphony@zeng |
| 606 | 0 | @a天文台@j普及读物 |
| 690 | @aP112-49@v5 | |
| 701 | 0 | @c(美)@a芭楚莎@9ba chu sha@c(女,Bartusiak, Marcia)@4著 |
| 702 | 0 | @a李红杰@9li hong jie@4译 |
| 801 | 0 | @aCN@b91MARC@c20180315 |
| 905 | @aMuseLib@dP112-49@e222 | |
| 爱因斯坦的未完成交响曲=Einstein's unfinished symphony/(美)玛西亚·芭楚莎(Marcia Bartusiak)著/李红杰译.-长沙:湖南科学技术出版社,2018 |
| 35,292页:图,照片;21cm.-(第一推动丛书.宇宙系列;15) |
| ISBN 978-7-5357-9445-1:CNY49.00 |
| 本书回忆了爱因斯坦最伟大的成就“广义相对论”的故事,还探究了在爱因斯坦首次提出引力波之后的几十年里,物理学家们对这一概念的认识是如何演化的。同时精心描写了这次科学革命中的每一位关键科学家,并据此向我们介绍了当今的实验和全新的天文台,如美国的LIGO。 |
| ● |
| 相关链接 |
|
|
|
|
正题名:爱因斯坦的未完成交响曲
索取号:P112-49/222
 
预约/预借
| 序号 | 登录号 | 条形码 | 馆藏地/架位号 | 状态 | 备注 |
| 1 | 1111250 | 211112507 | 第二样本阅览室/ [索取号:P112-49/222] | 在馆 | |
| 2 | 1111251 | 211112516 | 教育系资料室/ [索取号:P112-49/222] | 在馆 | |
| 3 | 1111252 | 211112525 | 教育系资料室/ [索取号:P112-49/222] | 在馆 | |
| 4 | 1111253 | 211112534 | 第三借阅区/ [索取号:P112-49/222] | 在馆 |